| 000 | 01156nam0a22002651 4500 | ||
|---|---|---|---|
| 001 | rc\3152410 | ||
| 005 | 20120615103713.3 | ||
| 021 |
_aRU _bРг1176-76 |
||
| 021 |
_aRU _b75-95510 |
||
| 035 | _a(NLR Aleph) 007297264 | ||
| 090 |
_a5672794 _c5672794 |
||
| 100 | _a20120615d1975 |||y0rusy50 ca | ||
| 101 | 0 | _arus | |
| 102 | _aRU | ||
| 105 | _aa z ||||| | ||
| 200 | 1 |
_aОптимизация технологических процессов механической обработки и сборки машин _e(Тезисы докл. обл. науч.-техн. конф.) _fПод ред. к. т. н. Симахина Я.А. _gОбл. правл. НТО машпром. Совет содействия техн. прогрессу при Курган. горкоме КПСС. Курган. машиностроит. ин-т. Дом техники НТО |
|
| 210 |
_aКурган _cБ. и. _d1975 |
||
| 215 |
_a74 с. _cил. _d20 |
||
| 320 | _aБиблиогр. в конце докл. | ||
| 702 | 1 |
_aСимахин _bЯ. А. _4340 |
|
| 801 | 0 |
_aRU _bNLR _gpsbo |
|
| 801 | 1 |
_aRU _bELAR _2rusmarc |
|
| 852 |
_aNLR _j76-4/1794 |
||
| 942 | _cBOOK | ||
| 980 | _aNB | ||